Хайкумена: Альманах поэзии хайку; Вып. 2

מידע ביבליוגרפי
מחבר תאגידי: Российский институт культурологии
מחברים אחרים: Кудря Д. П. (редактор)
סיכום:Альманах посвящен литературному направлению, ориентированному на традиции японской поэтической миниатюры. За полвека, прошедшие с момента появления переводов классических хайку (хокку), выполненных В. Н. Марковой, эта стихотворная форма превратилась в русском языке из подражательного в оригинальный жанр поэзии. Альманах представляет не только художественные тексты широкого круга авторов, но и различные формы критического осмысления этого нового для российской культуры явления. Особое внимание в альманахе уделено происходящему на хайку-сайтах в Интернете. Альманах также знакомит читателя с поэзией хайку за рубежом и прежде всего в современной Японии.
שפה:רוסית
יצא לאור: Москва, Изд-во Российского института культурологии, 2004
נושאים:
פורמט: ספר
KOHA link:https://koha.lib.tpu.ru/cgi-bin/koha/opac-detail.pl?biblionumber=83566

MARC

LEADER 00000nam0a2200000 4500
001 83566
005 20231031100230.0
010 |a 5937190513 
035 |a (RuTPU)RU\TPU\book\89858 
035 |a RU\TPU\book\66078 
090 |a 83566 
100 |a 20051018d2003 m y0rusy50 ca 
101 0 |a rus  |a jap 
102 |a RU 
105 |a a z 000gy 
200 1 |a Хайкумена  |e Альманах поэзии хайку  |f Российский институт культурологии; Под ред. Д. П. Кудри  |h Вып. 2 
210 |a Москва  |c Изд-во Российского института культурологии  |d 2004 
215 |a 408 с.  |c ил. 
330 |a Альманах посвящен литературному направлению, ориентированному на традиции японской поэтической миниатюры. За полвека, прошедшие с момента появления переводов классических хайку (хокку), выполненных В. Н. Марковой, эта стихотворная форма превратилась в русском языке из подражательного в оригинальный жанр поэзии. Альманах представляет не только художественные тексты широкого круга авторов, но и различные формы критического осмысления этого нового для российской культуры явления. Особое внимание в альманахе уделено происходящему на хайку-сайтах в Интернете. Альманах также знакомит читателя с поэзией хайку за рубежом и прежде всего в современной Японии. 
610 1 |a японская литература 
610 1 |a поэзия 
610 1 |a стихотворения 
610 1 |a миниатюры 
610 1 |a хайку 
675 |a 895.6  |v 3 
702 1 |a Кудря  |b Д. П.  |4 340 
712 0 2 |a Российский институт культурологии  |2 stltpush  |3 (RuTPU)RU\TPU\col\1941 
801 1 |a RU  |b 63413507  |c 20040408  |g PSBO 
801 2 |a RU  |b 63413507  |c 20051025  |g PSBO 
942 |c BK